00440nam a2200169 a 450000100060000000300090000600800410001504000280005608200100008410000200009424500650011425000070017926000270018630000140021349000200022765000230024711475CO-ViMGA141112s2004 ck r 000 u spa d aCO-ViMGAbspacCO-ViMGA04aCARcr1 aCarranza, Maite10aCarolina Cabezahueca / cCarranza Maite , Perez Alonso Olga  a2a aMadrid : bS.M, c1994 a31 p : il aLos piratas, 1014aCUENTOS INFANTILES